[Event "Titled Tuesday intern op 06th Feb Early"]
[Site "Chess.com INT"]
[Date "2024.02.06"]
[Round "7"]
[White "Yurovskich, Oleksandr"]
[Black "Jumabayev, Rinat"]
[Result "1-0"]
[WhiteElo "2328"]
[BlackElo "2598"]
[PlyCount "125"]
[EventDate "2024.02.06"]
[EventType "swiss (blitz)"]
[EventRounds "11"]
[EventCountry "USA"]
[SourceTitle "CB07_2024"]
[SourceDate "2024.02.14"]
[SourceVersion "1"]
[SourceVersionDate "2024.02.14"]
[SourceQuality "1"]

1. d4 Nf6 2. Nf3 e6 3. Bf4 b6 4. e3 Bb7 5. Bd3 c5 6. c3 cxd4 7. exd4 Be7 8. 0-0 0-0 9. Nbd2 Qc8 10. h3 Ba6 11. Qe2 Bxd3 12. Qxd3 Qb7 13. a4 Rc8 14. Rfe1 Nc6 15. Bg5 Nd5 16. Bxe7 Ncxe7 17. g3 Qc7 18. Kg2 h6 19. h4 a6 20. Ne5 d6 21. Ng4 Nf5 22. Nf1 Nxh4+ 23. Kh3 Nf5 24. Nge3 Nfe7 25. Nxd5 Nxd5 26. Ne3 Nf6 27. Kg2 Qb7+ 28. f3 b5 29. Re2 Rab8 30. axb5 axb5 31. g4 d5 32. Nc2 Qc7 33. Nb4 Qc4 34. Qe3 Ra8 35. Rh1 Nh7 36. f4 Qc7 37. Kf3 Nf6 38. Reh2 Ne4 39. g5 Qd6 40. gxh6 g6 41. h7+ Kh8 42. Nd3 Ra7 43. Ne5 Rca8 44. Qg1 Qf8 45. Qxg6 fxg6 46. Nxg6+ Kg7 47. Nxf8 Rxf8 48. h8Q+ Rxh8 49. Rxh8 Ra2 50. R8h2 Kf6 51. Ke3 Ke7 52. Kd3 Kd6 53. Rg2 b4 54. cxb4 Ra4 55. Rh6 Rxb4 56. f5 Kd7 57. fxe6+ Kd6 58. Rg7 Rxb2 59. e7+ Kd7 60. Rh8 Rb3+ 61. Ke2 Rb2+ 62. Ke3 Rb3+ 63. Kf4 1-0

[Event "Titled Tuesday intern op 23rd Jan Late"]
[Site "Chess.com INT"]
[Date "2024.01.23"]
[Round "10"]
[White "Jumabayev, Rinat"]
[Black "Deac, Bogdan Daniel"]
[Result "0-1"]
[WhiteElo "2598"]
[BlackElo "2690"]
[PlyCount "104"]
[EventDate "2024.01.23"]
[EventType "swiss (blitz)"]
[EventRounds "11"]
[EventCountry "USA"]
[SourceTitle "CB05_2024"]
[SourceDate "2024.01.31"]
[SourceVersion "1"]
[SourceVersionDate "2024.01.31"]
[SourceQuality "1"]

1. d4 Nf6 2. Nf3 d5 3. c4 e6 4. g3 dxc4 5. Bg2 Nc6 6. 0-0 Rb8 7. Bg5 Be7 8. e3 0-0 9. Nfd2 e5 10. Bxf6 Bxf6 11. d5 Ne7 12. Ne4 Nf5 13. a4 a6 14. Nbc3 Be7 15. Qc2 b5 16. axb5 axb5 17. Ra7 Nd6 18. Nc5 Bf5 19. e4 Bc8 20. Rfa1 Bf6 21. Na6 Bxa6 22. R1xa6 Rb6 23. Ra5 Qb8 24. Bh3 b4 25. Ne2 b3 26. Qb1 Nb5 27. Bd7 c3 28. bxc3 Nd6 29. Bc6 Nc4 30. Ra8 Nxa5 31. Rxb8 Rfxb8 32. Nc1 b2 33. Nd3 Nc4 34. Nxb2 Nxb2 35. Qd3 Nxd3 36. c4 Nc5 37. Kg2 Bd8 38. Kf3 Rb3+ 39. Kg4 Rb2 40. f3 Bf6 41. h4 g6 42. h5 gxh5+ 43. Kxh5 Kg7 44. Kg4 Nd3 45. Kf5 Nc5 46. f4 exf4 47. gxf4 Re2 48. e5 Bxe5 49. fxe5 Rf2+ 50. Kg5 Rc2 51. d6 cxd6 52. exd6 Rxc4 0-1

[Event "Titled Tuesday intern op 16th Jan Early"]
[Site "Chess.com INT"]
[Date "2024.01.16"]
[Round "7"]
[White "Grischuk, Alexander"]
[Black "Jumabayev, Rinat"]
[Result "1/2-1/2"]
[WhiteElo "2732"]
[BlackElo "2598"]
[PlyCount "133"]
[EventDate "2024.01.16"]
[EventType "swiss (blitz)"]
[EventRounds "11"]
[EventCountry "USA"]
[SourceTitle "CB04_2024"]
[SourceDate "2023.10.16"]
[SourceVersion "1"]
[SourceVersionDate "2023.10.16"]
[SourceQuality "1"]

1. d4 d5 2. c4 c6 3. Nf3 Nf6 4. cxd5 cxd5 5. Nc3 Nc6 6. Bf4 Bf5 7. Qb3 Na5 8. Qa4+ Bd7 9. Qc2 Rc8 10. e3 a6 11. Bd3 e6 12. 0-0 Bb4 13. Ne5 h6 14. Rfc1 0-0 15. Qe2 Qe7 16. h3 Nc6 17. Nxd7 Nxd7 18. Na4 Bd6 19. Bxd6 Qxd6 20. a3 e5 21. dxe5 Ncxe5 22. Bf5 g6 23. Bxd7 Nxd7 24. Nc3 Nf6 25. Rd1 Rc5 26. Rd4 Qe5 27. Rad1 Rfc8 28. Qf3 b5 29. g3 Kg7 30. Kg2 h5 31. R1d2 Rd8 32. Qf4 Qxf4 33. gxf4 Rd7 34. e4 Rc4 35. e5 Rxd4 36. Rxd4 Ne8 37. Rxd5 Rc7 38. Kf3 Rc4 39. Rd7 Nc7 40. Ne4 Ne6 41. b4 Kf8 42. Ra7 Nd4+ 43. Kg2 Ne6 44. Nd6 Rxf4 45. Rxa6 Nd4 46. Ra8+ Ke7 47. Rb8 h4 48. Nxb5 Nc2 49. Rb7+ Ke6 50. Rc7 Ne1+ 51. Kf1 Nd3 52. Ke2 Nxe5 53. Rc3 Kd5 54. Rc5+ Ke6 55. Nc3 Rd4 56. Nb5 Rd7 57. Rc3 g5 58. Re3 f5 59. Rc3 Kf6 60. a4 g4 61. a5 Ng6 62. hxg4 fxg4 63. Rc6+ Kg5 64. Rc5+ Kf6 65. Rc6+ Kg5 66. Rc5+ Kf6 67. Rc6+ 1/2-1/2

[Event "Wch Rapid"]
[Site "Samarkand"]
[Date "2023.12.26"]
[Round "4"]
[White "Jumabayev, Rinat"]
[Black "Iturrizaga Bonelli, Eduardo"]
[Result "0-1"]
[WhiteElo "2598"]
[BlackElo "2600"]
[PlyCount "54"]
[EventDate "2023.12.26"]
[EventType "swiss (rapid)"]
[EventRounds "13"]
[EventCountry "UZB"]
[SourceTitle "CB01_2024"]
[SourceDate "2024.01.03"]
[SourceVersion "1"]
[SourceVersionDate "2024.01.03"]
[SourceQuality "1"]

1. d4 Nf6 2. c4 e6 3. Nf3 Bb4+ 4. Nbd2 0-0 5. a3 Bxd2+ 6. Nxd2 d6 7. e4 Nc6 8. Nf3 Nxe4 9. Bd3 Nf6 10. Bg5 h6 11. h4 e5 12. d5 e4 13. dxc6 exd3 14. Be3 bxc6 15. Qxd3 c5 16. 0-0-0 Bg4 17. Rde1 Qd7 18. Nd2 Bf5 19. Qc3 Ng4 20. Rh3 Rfe8 21. Rg3 Kh7 22. Nf3 f6 23. h5 Re4 24. Nd2 Re7 25. Nf3 Qe8 26. Nh4 Qxh5 27. Rh1 Rae8 0-1